Liverpool FC Squad 1983-1984 - Statistics

General Stats
  • This quiz has been taken 14 times
  • The average score is 16 of 24
Answer Stats
Position Nation Player % Correct
DF Scotland Alan Hansen
100%
GK Zimbabwe Bruce Grobbelaar
100%
MF Scotland Graeme Souness
100%
FW Wales Ian Rush
100%
FW Scotland Kenny Dalglish
100%
DF England Phil Neal
100%
DF Scotland Steve Nicol
100%
MF Australia Craig Johnston
90%
Coach England Joe Fagan
90%
DF Ireland Mark Lawrenson
90%
MF Ireland Ronnie Whelan
90%
MF England Sammy Lee
90%
DF England Alan Kennedy
80%
DF England Phil Thompson
80%
DF Scotland Gary Gillespie
70%
FW Ireland Michael Robinson
70%
MF Scotland John Wark
60%
DF Ireland Jim Beglin
40%
GK England Bob Bolder
30%
FW England David Hodgson
20%
DF England Gary Ablett
20%
FW England Dave West
10%
DF Scotland John McGregor
10%
MF Ireland Ken DeMange
0%
No matching quizzes found
Score Distribution
Percent of People with Each Score
Percentile by Number Answered
Your Score History
You have not taken this quiz